000 00378nam a22001337a 4500
003 SGT
020 _a978353229580
082 _a920
_bM20S
100 _aसावरकर, विनायक दामोदर
245 _aमेरा आजीवन कारावास
260 _bप्रभात प्रकाशन
_c2020
300 _a483
942 _2ddc
_cBK
999 _c31295
_d31295